[Event "Norway Chess op-B"]
[Site "Stavanger"]
[Date "2025.05.27"]
[Round "1"]
[White "Mulye, Varad"]
[Black "Sande, Odmund"]
[Result "0-1"]
[WhiteElo "1581"]
[BlackElo "1915"]
[PlyCount "48"]
[EventDate "2025.05.27"]
[EventType "swiss"]
[EventRounds "9"]
[EventCountry "NOR"]
[SourceTitle "CB23_2025"]
[SourceDate "2025.06.04"]
[SourceVersion "1"]
[SourceVersionDate "2025.06.04"]
[SourceQuality "1"]

1. e4 c6 2. Nf3 d5 3. Nc3 Bg4 4. exd5 cxd5 5. d4 Nc6 6. Bb5 Rc8 7. Bf4 Nf6 8. h3 Bxf3 9. Qxf3 e6 10. 0-0-0 a6 11. Bxc6+ Rxc6 12. Rhe1 Bb4 13. Bd2 0-0 14. g4 Bxc3 15. Bxc3 Qc7 16. Re2 Rc8 17. Qd3 Ne4 18. Be1 Nd6 19. Bc3 Nb5 20. Be1 Nxd4 21. Red2 Nxc2 22. Kb1 Nxe1 23. Rxe1 Rc1+ 24. Rxc1 Qxc1# 0-1